[Event "GER-chT WK U18 4th"]
[Site "Kiel"]
[Date "2008.06.01"]
[Round "6.3"]
[White "Garell, Damian"]
[Black "Sander, Jean Louis"]
[Result "0-1"]
[WhiteElo "800"]
[BlackElo "1126"]
[PlyCount "90"]
[EventDate "2008.05.31"]
[EventType "team-swiss"]
[EventRounds "7"]
[EventCountry "GER"]
[SourceTitle "EXT 2010"]
[Source "ChessBase"]
[SourceDate "2010.11.25"]
[SourceVersion "1"]
[SourceVersionDate "2010.11.25"]
[SourceQuality "1"]

1. d4 Nf6 2. Nf3 g6 3. c4 Bg7 4. Nc3 0-0 5. e4 d6 6. Be3 e5 7. d5 a5 8. Bd3 Na6 9. 0-0 Ng4 10. Bd2 Nc5 11. Bc2 f5 12. h3 Nf6 13. Bg5 h6 14. Bxf6 Qxf6 15. Qe2 f4 16. Rad1 g5 17. Nh2 Qg6 18. Rfe1 h5 19. Rf1 g4 20. h4 f3 21. Qd2 Bh6 22. Qe1 fxg2 23. Kxg2 Bf4 24. Qe2 Bxh2 25. Kxh2 g3+ 26. fxg3 Bg4 27. Qg2 Bxd1 28. Bxd1 Rxf1 29. Qxf1 Rf8 30. Qe2 Kg7 31. Bc2 Qf7 32. Kg2 Nd7 33. g4 hxg4 34. Qxg4+ Qg6 35. Qxg6+ Kxg6 36. Kg3 Rf4 37. Ne2 Rf1 38. Nc3 Rc1 39. Bd1 Nb6 40. Be2 Rc2 41. Bf3 Nxc4 42. h5+ Kg5 43. Kh3 Nxb2 44. Ne2 Nd3 45. Ng3 Nf4# 0-1